000 01031nam a22002651u 4500
001 12310
003 HDC
007 cr bn ---
008 210209p2004 my eng
040 _aHDC
100 _aMohd. Shaib Jaafar,
_eauthor
_912856
245 0 _aApplication of in vitro techniques in species conservation and micropropagation of Didymocarpus platypus /
_cby Mohd. Shaib Jaafar, Hapsah Mohd. Ghazali and Zulhazmi Sayuti
260 _aSerdang :
_bMalaysian Agricultural Research and Development Institute (MARDI),
_c2004
300 _a1 page
336 _atext
_2rdacontent
337 _acomputer
_2rdamedia
338 _aonline resource
_2rdacarrier
650 _aDidymocarpus platypus
_912859
650 _aMicropropagation
_912858
650 _aPlant conservation
_912857
856 _zRequest full-text at [email protected]
942 _2lcc
942 _cAR
942 _kJART 003088
999 _c9633
_d9633